Statistics for Asturias Autonomous Region Concejos (Map)

Click here to take the quiz!

General Stats

  • This quiz has been taken 73 times
    (70 since last reset)
  • The average score is 45 of 85

Answers on the Map

Answers color-coded by a green-red scale on the quiz's map according to % correct below.
 

Answer Stats

Concejo% Correct
Oviedo
94%
Gijón
92%
Avilés
83%
Llanes
83%
Cangas del Narcea
81%
Cangas del Narcea
81%
Cangas del Narcea
81%
Langreo/Llangreu
81%
Siero
81%
Mieres
75%
Ribadesella
75%
Taramundi
75%
Lena
72%
Villaviciosa
72%
Cangas de Onís
69%
Castropol
69%
Navia
69%
Cudillero
67%
Vegadeo
67%
Cabrales
61%
Castrillón
61%
Grado
61%
Ibias
61%
Noreña
61%
Noreña
61%
Onís
61%
Valdés
61%
Carreño
58%
Colunga
58%
Gozón
58%
Gozón
58%
Llanera
58%
San Martin del Rey Aurelio
58%
Laviana
56%
Peñamellera Alta
56%
Peñamellera Baja
56%
Salas
56%
Teverga
56%
Tineo
56%
Aller
53%
Coaña
53%
Degaña
53%
Degaña
53%
El Franco
53%
El Franco
53%
Pravia
53%
Allande
50%
Boal
50%
Caso
50%
Nava
50%
Proaza
50%
Somiedo
50%
Somiedo
50%
Illas
47%
Parres
47%
San Martín de Oscos
47%
Caravia
44%
Morcín
44%
Piloña
44%
Ponga
44%
Ribadedeva
44%
Yernes y Tameza
44%
Las Regueras
42%
Riosa
42%
San Tirso de Abres
42%
Belmonte de Miranda
39%
Bimenes
39%
Cabranes
39%
Illano
39%
Muros de Nalón
39%
Soto del Barco
39%
Villanueva de Oscos
39%
Santo Adriano
36%
Sariego
36%
Sobrescobio
36%
Villayón
36%
Candamo
33%
Ribera de Arriba
33%
Corvera de Asturias
28%
Quiós
14%
Tapia de Casarego
14%
Amievo
11%
Grandas de Solime
11%
Oscos Pesoz
11%
Santa Eulalila de Oscos
11%

Score Distribution

Percentile by Number Answered

Percent of People with Each Score

Your Score History

You have not taken this quiz since the last reset